[Event "ODJM B 2024"]
[Site "Willingen GER"]
[Date "2024.05.23"]
[Round "7"]
[White "Er, Sadik Bugra"]
[Black "Stettner, Oskar"]
[Result "0-1"]
[Termination "normal"]
[Board "13"]
[WhiteElo "1688"]
[BlackElo "1672"]
[WhiteClock "00:50:37"]
[BlackClock "00:16:05"]
[PlyCount "118"]
[WhiteFideId "34660410"]
[BlackFideId "34617035"]
[EventCountry "GER"]
[EventRounds "9"]
[EventType "swiss"]
[EventDate "2024.05.18"]

1. e4 {[%clk 01:30:55]} {[%emt 00:00:04]} c6 {[%clk 01:31:00]} {[%emt
00:00:02]} 2. d4 {[%clk 01:31:06]} {[%emt 00:00:18]} d5 {[%clk 01:31:29]}
{[%emt 00:00:01]} 3. Nc3 {[%clk 01:31:26]} {[%emt 00:00:10]} dxe4 {[%clk
01:31:55]} {[%emt 00:00:04]} 4. Nxe4 {[%clk 01:31:44]} {[%emt 00:00:11]} Nd7
{[%clk 01:32:23]} {[%emt 00:00:03]} 5. Ng5 {[%clk 01:31:56]} {[%emt 00:00:18]}
Ngf6 {[%clk 01:31:31]} {[%emt 00:01:23]} 6. Bc4 {[%clk 01:32:07]} {[%emt
00:00:17]} e6 {[%clk 01:31:58]} {[%emt 00:00:05]} 7. Qe2 {[%clk 01:32:03]}
{[%emt 00:00:33]} Nb6 {[%clk 01:31:26]} {[%emt 00:01:03]} 8. Bd3 {[%clk
01:32:14]} {[%emt 00:00:17]} Bd6 {[%clk 01:23:10]} {[%emt 00:08:48]} 9. N1f3
{[%clk 01:29:42]} {[%emt 00:03:01]} O-O {[%clk 01:10:37]} {[%emt 00:13:03]} 10.
O-O {[%clk 01:29:55]} {[%emt 00:00:16]} h6 {[%clk 01:10:40]} {[%emt 00:00:28]}
11. Ne4 {[%clk 01:30:16]} {[%emt 00:00:08]} Nbd5 {[%clk 01:05:36]} {[%emt
00:05:34]} 12. Nxf6+ {[%clk 01:22:02]} {[%emt 00:08:45]} Nxf6 {[%clk 01:03:41]}
{[%emt 00:02:25]} 13. Ne5 {[%clk 01:17:47]} {[%emt 00:04:43]} Qc7 {[%clk
01:02:46]} {[%emt 00:01:27]} 14. Bd2 {[%clk 01:17:45]} {[%emt 00:00:31]} c5
{[%clk 00:59:42]} {[%emt 00:03:35]} 15. c3 {[%clk 01:15:01]} {[%emt 00:03:14]}
b6 {[%clk 00:58:40]} {[%emt 00:01:32]} 16. Rac1 {[%clk 01:13:15]} {[%emt
00:02:15]} Bb7 {[%clk 00:57:06]} {[%emt 00:02:05]} 17. f4 {[%clk 01:11:44]}
{[%emt 00:02:01]} Rad8 {[%clk 00:51:58]} {[%emt 00:05:38]} 18. f5 {[%clk
01:08:50]} {[%emt 00:03:23]} Nd7 {[%clk 00:36:19]} {[%emt 00:16:09]} 19. Nxd7
{[%clk 01:02:00]} {[%emt 00:07:20]} Bxh2+ {[%clk 00:30:54]} {[%emt 00:05:56]}
20. Kh1 {[%clk 01:01:49]} {[%emt 00:00:40]} Rxd7 {[%clk 00:28:43]} {[%emt
00:02:41]} 21. f6 {[%clk 01:01:27]} {[%emt 00:00:52]} g6 {[%clk 00:06:44]}
{[%emt 00:22:29]} 22. Qe3 {[%clk 01:00:46]} {[%emt 00:01:11]} Qg3 {[%clk
00:05:07]} {[%emt 00:02:08]} 23. Qxg3 {[%clk 00:55:44]} {[%emt 00:05:32]} Bxg3
{[%clk 00:05:36]} {[%emt 00:00:01]} 24. Bxh6 {[%clk 00:55:59]} {[%emt
00:00:13]} Rfd8 {[%clk 00:05:41]} {[%emt 00:00:27]} 25. Be2 {[%clk 00:54:29]}
{[%emt 00:01:59]} cxd4 {[%clk 00:04:04]} {[%emt 00:02:08]} 26. Bf3 {[%clk
00:54:39]} {[%emt 00:00:20]} Ba6 {[%clk 00:04:11]} {[%emt 00:00:23]} 27. c4
{[%clk 00:54:36]} {[%emt 00:00:32]} d3 {[%clk 00:04:04]} {[%emt 00:00:38]} 28.
Bg7 {[%clk 00:33:05]} {[%emt 00:22:01]} d2 {[%clk 00:04:18]} {[%emt 00:00:16]}
29. Ra1 {[%clk 00:31:13]} {[%emt 00:02:22]} Bxc4 {[%clk 00:04:32]} {[%emt
00:00:15]} 30. Rfd1 {[%clk 00:31:32]} {[%emt 00:00:11]} Rd4 {[%clk 00:03:26]}
{[%emt 00:01:37]} 31. Kg1 {[%clk 00:31:40]} {[%emt 00:00:21]} Be5 {[%clk
00:02:47]} {[%emt 00:01:10]} 32. g3 {[%clk 00:31:49]} {[%emt 00:00:20]} Rd3
{[%clk 00:02:46]} {[%emt 00:00:32]} 33. Kg2 {[%clk 00:30:49]} {[%emt 00:01:29]}
Bd5 {[%clk 00:00:34]} {[%emt 00:02:43]} 34. Bxd5 {[%clk 00:29:51]} {[%emt
00:01:27]} Rxg3+ {[%clk 00:01:03]} {[%emt 00:00:02]} 35. Kf2 {[%clk 00:30:05]}
{[%emt 00:00:17]} Rg5 {[%clk 00:00:49]} {[%emt 00:00:43]} 36. Rh1 {[%clk
00:22:27]} {[%emt 00:08:07]} Rf5+ {[%clk 00:01:11]} {[%emt 00:00:09]} 37. Bf3
{[%clk 00:22:48]} {[%emt 00:00:09]} Bxf6 {[%clk 00:01:31]} {[%emt 00:00:10]}
38. Bxf6 {[%clk 00:22:27]} {[%emt 00:00:51]} Rxf6 {[%clk 00:01:57]} {[%emt
00:00:03]} 39. Ke3 {[%clk 00:21:56]} {[%emt 00:01:01]} Rf5 {[%clk 00:01:48]}
{[%emt 00:00:40]} 40. Rh2 {[%clk 00:19:06]} {[%emt 00:03:20]} Re5+ {[%clk
00:01:29]} {[%emt 00:00:49]} 41. Kf2 {[%clk 00:19:05]} {[%emt 00:00:30]} Rc8
{[%clk 00:18:03]} {[%emt 00:13:57]} 42. Rd1 {[%emt 00:02:05]} Rc2 {[%clk
00:17:36]} 43. Kf1 {[%clk 00:48:20]} {[%emt 00:00:35]} Re1+ {[%clk 00:17:18]}
{[%emt 00:00:50]} 44. Kf2 {[%clk 00:48:26]} {[%emt 00:00:23]} Rxb2 {[%clk
00:16:52]} {[%emt 00:00:56]} 45. Kg3 {[%clk 00:48:15]} {[%emt 00:00:40]} Rxd1
{[%clk 00:16:57]} {[%emt 00:00:27]} 46. Bxd1 {[%clk 00:48:37]} {[%emt
00:00:07]} Rxa2 {[%clk 00:17:20]} {[%emt 00:00:07]} 47. Kf3 {[%clk 00:48:51]}
{[%emt 00:00:15]} a5 {[%clk 00:15:23]} {[%emt 00:02:29]} 48. Ke3 {[%clk
00:49:00]} {[%emt 00:00:20]} a4 {[%clk 00:14:43]} {[%emt 00:01:11]} 49. Rxd2
{[%clk 00:49:18]} {[%emt 00:00:11]} Rxd2 {[%clk 00:15:12]} {[%emt 00:00:02]}
50. Kxd2 {[%clk 00:49:38]} {[%emt 00:00:09]} a3 {[%clk 00:15:29]} {[%emt
00:00:14]} 51. Bb3 {[%clk 00:50:03]} {[%emt 00:00:05]} g5 {[%clk 00:15:45]}
{[%emt 00:00:14]} 52. Ke3 {[%clk 00:50:15]} {[%emt 00:00:17]} Kg7 {[%clk
00:15:07]} {[%emt 00:01:09]} 53. Kf3 {[%clk 00:49:34]} {[%emt 00:01:09]} Kg6
{[%clk 00:14:21]} {[%emt 00:01:17]} 54. Kg3 {[%clk 00:49:43]} {[%emt 00:00:20]}
e5 {[%clk 00:14:40]} {[%emt 00:00:13]} 55. Kf3 {[%clk 00:49:58]} {[%emt
00:00:15]} f5 {[%clk 00:15:03]} {[%emt 00:00:07]} 56. Ba2 {[%clk 00:50:05]}
{[%emt 00:00:21]} Kf6 {[%emt 00:00:20]} 57. Ke3 {[%clk 00:50:17]} {[%emt
00:00:15]} g4 {[%clk 00:15:35]} {[%emt 00:00:12]} 58. Kf2 {[%clk 00:50:40]}
{[%emt 00:00:07]} f4 {[%clk 00:15:52]} {[%emt 00:00:14]} 59. Bb1 {[%clk
00:50:37]} {[%emt 00:00:33]} b5 {[%clk 00:16:05]} {[%emt 00:00:17]} 0-1

[Event "ODJM B 2024"]
[Site "Willingen GER"]
[Date "2024.05.23"]
[Round "7"]
[White "Wang, Kaiwen"]
[Black "Tran, Minh Dat"]
[Result "0-1"]
[Termination "normal"]
[Board "14"]
[WhiteElo "1701"]
[BlackElo "1731"]
[WhiteClock "00:14:26"]
[BlackClock "00:28:24"]
[PlyCount "120"]
[WhiteFideId "16279514"]
[BlackFideId "16244702"]
[EventCountry "GER"]
[EventRounds "9"]
[EventType "swiss"]
[EventDate "2024.05.18"]

1. e4 {[%clk 01:30:57]} {[%emt 00:00:02]} e5 {[%clk 01:30:46]} {[%emt
00:00:15]} 2. Nf3 {[%clk 01:31:18]} {[%emt 00:00:10]} d6 {[%clk 01:31:11]}
{[%emt 00:00:05]} 3. d4 {[%clk 01:31:42]} {[%emt 00:00:04]} exd4 {[%clk
01:31:37]} {[%emt 00:00:05]} 4. Nxd4 {[%clk 01:32:04]} {[%emt 00:00:07]} Be7
{[%clk 01:31:59]} {[%emt 00:00:09]} 5. g3 {[%clk 01:32:16]} {[%emt 00:00:18]}
Nf6 {[%clk 01:29:24]} {[%emt 00:03:05]} 6. Nc3 {[%clk 01:32:35]} {[%emt
00:00:10]} Nc6 {[%clk 01:29:25]} {[%emt 00:00:30]} 7. Nde2 {[%clk 01:32:38]}
{[%emt 00:00:28]} O-O {[%clk 01:29:11]} {[%emt 00:00:44]} 8. Bg2 {[%clk
01:32:55]} {[%emt 00:00:12]} Ne8 {[%clk 01:27:25]} {[%emt 00:02:16]} 9. O-O
{[%clk 01:32:01]} {[%emt 00:01:24]} f5 {[%clk 01:27:50]} {[%emt 00:00:06]} 10.
exf5 {[%clk 01:31:51]} {[%emt 00:00:39]} Bxf5 {[%clk 01:24:24]} {[%emt
00:03:57]} 11. Nd4 {[%clk 01:29:45]} {[%emt 00:02:36]} Nxd4 {[%clk 01:23:01]}
{[%emt 00:01:52]} 12. Qxd4 {[%clk 01:29:40]} {[%emt 00:00:35]} c6 {[%clk
01:23:06]} {[%emt 00:00:26]} 13. Ne2 {[%clk 01:27:12]} {[%emt 00:02:56]} d5
{[%clk 01:17:14]} {[%emt 00:06:23]} 14. c3 {[%clk 01:25:54]} {[%emt 00:01:48]}
Nd6 {[%clk 01:07:00]} {[%emt 00:10:44]} 15. Qd1 {[%clk 01:19:49]} {[%emt
00:06:35]} Bf6 {[%clk 01:01:09]} {[%emt 00:06:20]} 16. Bf4 {[%clk 01:15:03]}
{[%emt 00:05:16]} g5 {[%clk 00:54:02]} {[%emt 00:07:38]} 17. Be3 {[%clk
01:11:10]} {[%emt 00:04:23]} Nc4 {[%clk 00:49:08]} {[%emt 00:05:23]} 18. Nd4
{[%clk 01:04:28]} {[%emt 00:07:12]} Qd7 {[%clk 00:45:13]} {[%emt 00:04:26]} 19.
b3 {[%clk 00:55:49]} {[%emt 00:09:09]} Nxe3 {[%clk 00:44:26]} {[%emt 00:01:18]}
20. fxe3 {[%clk 00:56:00]} {[%emt 00:00:18]} Bg6 {[%clk 00:42:40]} {[%emt
00:02:15]} 21. Bf3 {[%clk 00:52:34]} {[%emt 00:03:57]} Rae8 {[%clk 00:40:16]}
{[%emt 00:02:53]} 22. Bg4 {[%clk 00:46:30]} {[%emt 00:06:34]} Qd6 {[%clk
00:35:57]} {[%emt 00:04:49]} 23. Qd2 {[%clk 00:43:23]} {[%emt 00:03:37]} h5
{[%clk 00:33:14]} {[%emt 00:03:14]} 24. Bh3 {[%clk 00:38:52]} {[%emt 00:05:00]}
Qe5 {[%clk 00:29:26]} {[%emt 00:04:18]} 25. Rae1 {[%clk 00:30:36]} {[%emt
00:08:47]} g4 {[%clk 00:29:24]} {[%emt 00:00:32]} 26. Bg2 {[%clk 00:30:33]}
{[%emt 00:00:32]} Bg5 {[%clk 00:29:39]} {[%emt 00:00:15]} 27. Rxf8+ {[%clk
00:28:57]} {[%emt 00:02:07]} Kxf8 {[%clk 00:29:27]} {[%emt 00:00:42]} 28. Nc2
{[%clk 00:27:29]} {[%emt 00:01:58]} Kg7 {[%clk 00:26:32]} {[%emt 00:03:25]} 29.
Kh1 {[%clk 00:25:11]} {[%emt 00:02:47]} Bxc2 {[%clk 00:23:51]} {[%emt
00:03:12]} 30. Qxc2 {[%clk 00:25:33]} {[%emt 00:00:07]} Bxe3 {[%clk 00:20:53]}
{[%emt 00:03:28]} 31. Qd3 {[%clk 00:25:36]} {[%emt 00:00:27]} Re7 {[%clk
00:17:58]} {[%emt 00:03:25]} 32. Rf1 {[%clk 00:22:48]} {[%emt 00:03:19]} Bh6
{[%clk 00:13:58]} {[%emt 00:04:29]} 33. Qc2 {[%clk 00:21:29]} {[%emt 00:01:49]}
Rf7 {[%clk 00:12:44]} {[%emt 00:01:45]} 34. Rxf7+ {[%clk 00:21:15]} {[%emt
00:00:44]} Kxf7 {[%clk 00:13:11]} {[%emt 00:00:03]} 35. Qf2+ {[%clk 00:20:57]}
{[%emt 00:00:48]} Ke6 {[%clk 00:12:39]} {[%emt 00:01:02]} 36. h3 {[%clk
00:16:01]} {[%emt 00:05:25]} Qe3 {[%clk 00:10:00]} {[%emt 00:03:09]} 37. Qxe3+
{[%clk 00:15:19]} {[%emt 00:01:13]} Bxe3 {[%clk 00:10:25]} {[%emt 00:00:05]}
38. hxg4 {[%clk 00:15:36]} {[%emt 00:00:12]} hxg4 {[%clk 00:10:53]} {[%emt
00:00:02]} 39. Bf1 {[%clk 00:15:38]} {[%emt 00:00:28]} Ke5 {[%clk 00:08:46]}
{[%emt 00:02:38]} 40. Be2 {[%clk 00:10:26]} {[%emt 00:05:42]} Bd2 {[%clk
00:07:18]} {[%emt 00:01:58]} 41. Bxg4 {[%clk 00:08:05]} {[%emt 00:02:51]} Bxc3
{[%clk 00:07:31]} {[%emt 00:00:16]} 42. Bc8 {[%clk 00:08:00]} {[%emt 00:00:36]}
b6 {[%clk 00:06:08]} {[%emt 00:01:52]} 43. Bd7 {[%clk 00:07:29]} {[%emt
00:01:02]} c5 {[%clk 00:06:12]} {[%emt 00:00:26]} 44. Kg2 {[%clk 00:06:50]}
{[%emt 00:01:08]} Kd4 {[%clk 00:05:05]} {[%emt 00:01:37]} 45. Kf3 {[%clk
00:04:32]} {[%emt 00:02:48]} Kd3 {[%clk 00:04:44]} {[%emt 00:00:52]} 46. Be6
{[%clk 00:03:43]} {[%emt 00:01:19]} d4 {[%emt 00:00:32]} 47. Bc4+ {[%clk
00:02:46]} {[%emt 00:01:26]} Kc2 {[%clk 00:04:35]} {[%emt 00:00:38]} 48. Ke4
{[%clk 00:01:50]} {[%emt 00:01:26]} Bd2 {[%clk 00:02:51]} {[%emt 00:02:12]} 49.
g4 {[%clk 00:30:09]} {[%emt 00:02:12]} Bh6 {[%clk 00:30:41]} {[%emt 00:02:41]}
50. b4 {[%clk 00:28:09]} {[%emt 00:02:30]} Kc3 {[%clk 00:29:21]} {[%emt
00:01:50]} 51. bxc5 {[%clk 00:26:38]} {[%emt 00:02:00]} bxc5 {[%clk 00:29:47]}
{[%emt 00:00:04]} 52. Kd5 {[%clk 00:25:35]} {[%emt 00:01:33]} Bf8 {[%clk
00:29:31]} {[%emt 00:00:47]} 53. Bb3 {[%clk 00:17:38]} {[%emt 00:08:27]} d3
{[%clk 00:29:04]} {[%emt 00:00:58]} 54. g5 {[%clk 00:14:27]} {[%emt 00:03:40]}
d2 {[%clk 00:27:48]} {[%emt 00:01:46]} 55. Ke6 {[%clk 00:14:30]} {[%emt
00:00:27]} c4 {[%clk 00:27:46]} {[%emt 00:00:32]} 56. Ba4 {[%clk 00:14:44]}
{[%emt 00:00:15]} Kb2 {[%clk 00:27:38]} {[%emt 00:00:39]} 57. Kf7 {[%clk
00:15:03]} {[%emt 00:00:10]} Bc5 {[%clk 00:27:53]} {[%emt 00:00:14]} 58. Ke6
{[%clk 00:14:51]} {[%emt 00:00:43]} c3 {[%clk 00:27:44]} {[%emt 00:00:40]} 59.
Kd5 {[%clk 00:14:56]} {[%emt 00:00:24]} Bf8 {[%clk 00:28:03]} {[%emt 00:00:10]}
60. Ke4 {[%clk 00:14:26]} {[%emt 00:01:01]} c2 {[%clk 00:28:24]} {[%emt
00:00:09]} 0-1

[Event "ODJM B 2024"]
[Site "Willingen GER"]
[Date "2024.05.23"]
[Round "7"]
[White "Reuter, Luca Marek"]
[Black "Barsov, Vladislav"]
[Result "1/2-1/2"]
[Termination "normal"]
[Board "16"]
[WhiteElo "1739"]
[BlackElo "1893"]
[WhiteClock "00:19:47"]
[BlackClock "01:08:33"]
[PlyCount "111"]
[WhiteFideId "16226712"]
[BlackFideId "34613757"]
[EventCountry "GER"]
[EventRounds "9"]
[EventType "swiss"]
[EventDate "2024.05.18"]

1. e4 {[%clk 01:30:09]} {[%emt 00:00:50]} e6 {[%clk 01:30:55]} {[%emt
00:00:05]} 2. Nf3 {[%clk 01:29:46]} {[%emt 00:00:53]} d5 {[%clk 01:31:19]}
{[%emt 00:00:07]} 3. Nc3 {[%clk 01:30:11]} {[%emt 00:00:05]} c5 {[%clk
01:31:20]} {[%emt 00:00:29]} 4. exd5 {[%clk 01:30:11]} {[%emt 00:00:30]} exd5
{[%clk 01:31:43]} {[%emt 00:00:07]} 5. Bb5+ {[%clk 01:30:38]} {[%emt 00:00:03]}
Nc6 {[%clk 01:31:31]} {[%emt 00:00:42]} 6. O-O {[%clk 01:30:11]} {[%emt
00:00:57]} Be7 {[%clk 01:31:37]} {[%emt 00:00:24]} 7. d4 {[%clk 01:30:22]}
{[%emt 00:00:19]} a6 {[%clk 01:31:10]} {[%emt 00:00:57]} 8. Bxc6+ {[%clk
01:25:27]} {[%emt 00:05:25]} bxc6 {[%clk 01:31:34]} {[%emt 00:00:05]} 9. Ne5
{[%clk 01:24:15]} {[%emt 00:01:42]} Qb6 {[%clk 01:27:29]} {[%emt 00:04:36]} 10.
dxc5 {[%clk 01:22:23]} {[%emt 00:02:22]} Qxc5 {[%clk 01:26:19]} {[%emt
00:01:40]} 11. Be3 {[%clk 01:19:31]} {[%emt 00:03:22]} Qd6 {[%clk 01:22:40]}
{[%emt 00:04:09]} 12. Bf4 {[%clk 01:11:59]} {[%emt 00:08:02]} Qf6 {[%clk
01:20:31]} {[%emt 00:02:38]} 13. Bg3 {[%clk 01:12:06]} {[%emt 00:00:23]} Nh6
{[%clk 01:19:45]} {[%emt 00:01:15]} 14. Re1 {[%clk 01:11:34]} {[%emt 00:01:03]}
Nf5 {[%clk 01:17:55]} {[%emt 00:02:19]} 15. Bf4 {[%clk 01:05:21]} {[%emt
00:06:44]} O-O {[%clk 01:14:57]} {[%emt 00:03:28]} 16. Na4 {[%clk 00:47:54]}
{[%emt 00:17:58]} Bd6 {[%clk 01:08:53]} {[%emt 00:06:33]} 17. Nb6 {[%clk
00:43:18]} {[%emt 00:05:07]} Ra7 {[%clk 01:07:09]} {[%emt 00:02:14]} 18. Nxc6
{[%clk 00:42:11]} {[%emt 00:01:36]} Bxf4 {[%clk 01:07:28]} {[%emt 00:00:11]}
19. Nxa7 {[%clk 00:38:18]} {[%emt 00:04:23]} Qxb6 {[%clk 01:06:55]} {[%emt
00:01:03]} 20. Nxc8 {[%clk 00:38:41]} {[%emt 00:00:07]} Rxc8 {[%clk 01:07:11]}
{[%emt 00:00:14]} 21. Qg4 {[%clk 00:38:45]} {[%emt 00:00:26]} Qh6 {[%clk
01:00:49]} {[%emt 00:06:52]} 22. g3 {[%clk 00:36:24]} {[%emt 00:02:51]} Qg5
{[%clk 00:59:24]} {[%emt 00:01:55]} 23. Qxf4 {[%clk 00:36:32]} {[%emt
00:00:22]} Qxf4 {[%clk 00:59:44]} {[%emt 00:00:10]} 24. gxf4 {[%clk 00:36:58]}
{[%emt 00:00:04]} g6 {[%clk 00:59:44]} {[%emt 00:00:30]} 25. c3 {[%clk
00:37:13]} {[%emt 00:00:15]} Rb8 {[%clk 01:00:02]} {[%emt 00:00:13]} 26. Rab1
{[%clk 00:36:58]} {[%emt 00:00:45]} d4 {[%clk 00:59:50]} {[%emt 00:00:41]} 27.
cxd4 {[%clk 00:35:44]} {[%emt 00:01:44]} Nxd4 {[%clk 01:00:11]} {[%emt
00:00:09]} 28. Re3 {[%clk 00:35:11]} {[%emt 00:01:04]} Ne6 {[%clk 00:59:36]}
{[%emt 00:01:04]} 29. Re4 {[%clk 00:34:04]} {[%emt 00:01:37]} Kg7 {[%clk
00:59:35]} {[%emt 00:00:31]} 30. b3 {[%clk 00:34:16]} {[%emt 00:00:19]} Kf6
{[%clk 00:59:58]} {[%emt 00:00:06]} 31. Rd1 {[%clk 00:28:42]} {[%emt 00:06:05]}
Kf5 {[%clk 00:57:53]} {[%emt 00:02:35]} 32. Ra4 {[%clk 00:28:34]} {[%emt
00:00:38]} Rb6 {[%clk 00:57:00]} {[%emt 00:01:22]} 33. Rd5+ {[%clk 00:28:47]}
{[%emt 00:00:17]} Kg4 {[%clk 00:57:04]} {[%emt 00:00:26]} 34. f5+ {[%clk
00:29:08]} {[%emt 00:00:09]} Nf4 {[%clk 00:57:04]} {[%emt 00:00:30]} 35. fxg6
{[%clk 00:23:32]} {[%emt 00:06:06]} hxg6 {[%clk 00:57:21]} {[%emt 00:00:13]}
36. Rdd4 {[%clk 00:20:58]} {[%emt 00:03:04]} g5 {[%clk 00:57:21]} {[%emt
00:00:29]} 37. Kf1 {[%clk 00:20:04]} {[%emt 00:01:25]} Rh6 {[%clk 00:56:28]}
{[%emt 00:01:24]} 38. Ke1 {[%clk 00:18:36]} {[%emt 00:01:57]} Kf3 {[%clk
00:55:38]} {[%emt 00:01:20]} 39. Kd2 {[%clk 00:06:50]} {[%emt 00:12:16]} Rxh2
{[%clk 00:52:45]} {[%emt 00:03:23]} 40. Rxa6 {[%clk 00:06:26]} {[%emt
00:00:54]} Rxf2+ {[%clk 00:53:11]} {[%emt 00:00:04]} 41. Kd1 {[%clk 00:06:16]}
{[%emt 00:00:40]} Ke3 {[%clk 00:52:51]} {[%emt 00:00:51]} 42. Rd7 {[%clk
00:06:10]} {[%emt 00:00:35]} g4 {[%clk 00:47:18]} {[%emt 00:06:03]} 43. Re7+
{[%clk 00:02:12]} {[%emt 00:04:28]} Ne6 {[%clk 00:46:51]} {[%emt 00:00:56]} 44.
Rxf7 {[%clk 00:23:13]} {[%emt 00:09:30]} Rxf7 {[%clk 01:16:44]} {[%emt
00:00:37]} 45. Rxe6+ {[%clk 00:23:41]} {[%emt 00:00:03]} Kf3 {[%clk 01:16:52]}
{[%emt 00:00:22]} 46. Rg6 {[%clk 00:23:59]} {[%emt 00:00:12]} g3 {[%clk
01:16:54]} {[%emt 00:00:28]} 47. Kc2 {[%clk 00:24:23]} {[%emt 00:00:06]} g2
{[%clk 01:16:49]} {[%emt 00:00:35]} 48. a4 {[%clk 00:24:45]} {[%emt 00:00:08]}
Rf4 {[%clk 01:16:50]} {[%emt 00:00:29]} 49. Rxg2 {[%clk 00:24:34]} {[%emt
00:00:41]} Kxg2 {[%clk 01:17:15]} {[%emt 00:00:04]} 50. a5 {[%clk 00:24:57]}
{[%emt 00:00:07]} Kf3 {[%clk 01:17:25]} {[%emt 00:00:20]} 51. Kc3 {[%clk
00:25:20]} {[%emt 00:00:08]} Ke4 {[%clk 01:17:29]} {[%emt 00:00:25]} 52. Kc4
{[%clk 00:25:38]} {[%emt 00:00:13]} Ke5+ {[%clk 01:14:26]} {[%emt 00:03:33]}
53. Kc5 {[%clk 00:26:02]} {[%emt 00:00:05]} Rf1 {[%clk 01:09:26]} {[%emt
00:05:30]} 54. b4 {[%clk 00:23:42]} {[%emt 00:02:50]} Rc1+ {[%clk 01:09:50]}
{[%emt 00:00:06]} 55. Kb6 {[%clk 00:24:10]} {[%emt 00:00:02]} Kd5 {[%clk
01:08:33]} {[%emt 00:01:47]} 56. b5 {[%clk 00:19:47]} {[%emt 00:04:54]} 1/2-1/2

[Event "ODJM B 2024"]
[Site "Willingen GER"]
[Date "2024.05.23"]
[Round "7"]
[White "Kuhlmann, Nils Magnus"]
[Black "Ensslen, Jakob"]
[Result "1/2-1/2"]
[Termination "normal"]
[Board "17"]
[WhiteElo "1757"]
[BlackElo "1740"]
[WhiteClock "00:37:42"]
[BlackClock "00:02:44"]
[PlyCount "63"]
[WhiteFideId "16287177"]
[BlackFideId "34640258"]
[EventCountry "GER"]
[EventRounds "9"]
[EventType "swiss"]
[EventDate "2024.05.18"]

1. e4 {[%clk 01:30:53]} {[%emt 00:00:06]} e5 {[%clk 01:30:42]} {[%emt
00:00:19]} 2. Nf3 {[%clk 01:30:35]} {[%emt 00:00:48]} Nf6 {[%clk 01:31:03]}
{[%emt 00:00:08]} 3. Nc3 {[%clk 01:30:47]} {[%emt 00:00:19]} Nc6 {[%clk
01:31:28]} {[%emt 00:00:06]} 4. a3 {[%clk 01:30:23]} {[%emt 00:00:54]} d5
{[%clk 01:31:04]} {[%emt 00:00:54]} 5. Bb5 {[%clk 01:29:30]} {[%emt 00:01:22]}
Nxe4 {[%clk 01:28:41]} {[%emt 00:02:53]} 6. Nxe5 {[%clk 01:25:46]} {[%emt
00:04:15]} Qg5 {[%clk 01:28:23]} {[%emt 00:00:47]} 7. d4 {[%clk 01:23:59]}
{[%emt 00:02:17]} Qxg2 {[%clk 01:23:46]} {[%emt 00:05:08]} 8. Rf1 {[%clk
01:24:23]} {[%emt 00:00:06]} a6 {[%clk 00:56:36]} {[%emt 00:27:40]} 9. Bxc6+
{[%clk 01:16:56]} {[%emt 00:07:58]} bxc6 {[%clk 00:56:44]} {[%emt 00:00:21]}
10. Qe2 {[%clk 01:13:43]} {[%emt 00:03:43]} Bh3 {[%clk 00:48:06]} {[%emt
00:09:07]} 11. Nxe4 {[%clk 01:11:32]} {[%emt 00:02:42]} Qxf1+ {[%clk 00:41:05]}
{[%emt 00:07:30]} 12. Qxf1 {[%clk 01:11:36]} {[%emt 00:00:28]} Bxf1 {[%clk
00:41:28]} {[%emt 00:00:06]} 13. Nc3 {[%clk 01:08:54]} {[%emt 00:03:14]} Bg2
{[%clk 00:37:15]} {[%emt 00:04:42]} 14. Nxc6 {[%clk 01:08:39]} {[%emt
00:00:45]} Bd6 {[%clk 00:34:40]} {[%emt 00:03:04]} 15. h4 {[%clk 01:04:39]}
{[%emt 00:04:30]} O-O {[%clk 00:32:45]} {[%emt 00:02:26]} 16. Be3 {[%clk
01:04:57]} {[%emt 00:00:12]} Bf3 {[%clk 00:31:06]} {[%emt 00:02:09]} 17. Kd2
{[%clk 01:04:31]} {[%emt 00:00:56]} a5 {[%clk 00:26:05]} {[%emt 00:05:31]} 18.
Rg1 {[%clk 00:59:51]} {[%emt 00:05:09]} Rfe8 {[%clk 00:20:37]} {[%emt
00:05:58]} 19. Ne5 {[%clk 00:54:27]} {[%emt 00:05:55]} Bxe5 {[%clk 00:19:15]}
{[%emt 00:01:51]} 20. dxe5 {[%clk 00:54:52]} {[%emt 00:00:06]} c6 {[%clk
00:17:48]} {[%emt 00:01:57]} 21. Rg3 {[%clk 00:52:24]} {[%emt 00:02:57]} Bh5
{[%clk 00:16:28]} {[%emt 00:01:49]} 22. f4 {[%clk 00:52:03]} {[%emt 00:00:52]}
Bg6 {[%clk 00:12:22]} {[%emt 00:04:37]} 23. Bd4 {[%clk 00:51:55]} {[%emt
00:00:38]} Rac8 {[%clk 00:10:31]} {[%emt 00:02:20]} 24. Na4 {[%clk 00:52:05]}
{[%emt 00:00:21]} f6 {[%clk 00:07:38]} {[%emt 00:03:23]} 25. Nc5 {[%clk
00:51:33]} {[%emt 00:01:02]} fxe5 {[%clk 00:05:06]} {[%emt 00:03:02]} 26. Bxe5
{[%clk 00:51:53]} {[%emt 00:00:10]} Rb8 {[%clk 00:04:31]} {[%emt 00:01:04]} 27.
Bxb8 {[%clk 00:47:47]} {[%emt 00:04:37]} Rxb8 {[%clk 00:04:49]} {[%emt
00:00:12]} 28. b3 {[%clk 00:46:22]} {[%emt 00:01:54]} Re8 {[%clk 00:04:31]}
{[%emt 00:00:48]} 29. c3 {[%clk 00:45:31]} {[%emt 00:01:21]} Kf7 {[%clk
00:04:01]} {[%emt 00:01:00]} 30. Nb7 {[%clk 00:42:43]} {[%emt 00:03:18]} Kf6
{[%clk 00:03:18]} {[%emt 00:01:13]} 31. a4 {[%clk 00:40:10]} {[%emt 00:03:03]}
Re4 {[%clk 00:02:44]} {[%emt 00:01:05]} 32. Rf3 {[%clk 00:37:42]} {[%emt
00:02:57]} 1/2-1/2